Bude to nováčik, šampión či stále druhý? traja kandidáti na titul majstra sveta formuly 1

Bibliographic Details
Format: Article
Language:Slovak
PhysicalDescription:Fotogr.
ISSN:0139-7001
Subjects:

MARC

LEADER 00000nab a2200000 ar4500
001 vtls009152829
003 SK-MaSNL
005 20260304233608.0
008 071024c20071019xo mr|p|||||||000 b|slo
015 |a SNKBUCL2007/10  |2 snkbucl 
038 |a SNKBUCL 
040 |a SNKBUCL  |b slo  |c SNKBUCL  |e AACR2 
041 0 |a slo 
044 |a xo  |c SK 
080 |a 796.71.071  |2 2001 
245 0 0 |a Bude to nováčik, šampión či stále druhý?  |b traja kandidáti na titul majstra sveta formuly 1 
300 |b Fotogr. 
600 1 7 |a Hamilton, Lewis,  |d 1985-  |2 snkbucl  |9 263892 
600 1 7 |a Alonso, Fernando,  |d 1981-  |2 snkbucl  |9 1065065 
600 1 7 |a Räikkönen, Kimi,  |d 1979-  |2 snkbucl  |9 436698 
650 0 7 |a automobilizmus  |2 snkbucl  |9 13242 
650 0 7 |a automobily F1  |2 snkbucl  |9 872140 
773 0 |t Šport  |g Roč. 61, č. 241 (19.10.2007), s. 37  |x 0139-7001 
852 |a SNK  |b KIS3GCP 
999 |c 3199374  |d 3201304